00890nam a2200229 a 4500001001000000003000500010005001700015008004100032010001100073011001100084040000900095100002600104245016200130260004100292500006000333502010000393650001900493650002500512650002900537650002400566856007000590000110053CHAP20220329144116.0140626s2014 mx sm |||||||spa d a106515 a107487 cCHAP1 aNajera Rosas, Cinthya10aDiagnóstico de la fertilidad de los suelos de sistemas agroforestales con manejo ecológico en Huatusco, Veracruzh[En línea]cpor Cinthya Najera Rosas. aChapingo, Méx. :bEl autor,c2014. aPara ver el contenido del material haga clic en la liga aTesis (M. C. en Agroforestería para el Desarrollo Sostenible) -- UACH. Departamento de Suelos14aDiagnóstico.14aEcología forestal.14aSistemas agroforestales.14aSuelosxFertilidad. aFinding aiduhttp://10.13.5.2/tesis/sist110053.pdfzTeclea aquí